000 00784nam a22002057a 4500
999 _c12821
_d12821
003 AR-CdUCM
008 190410b ||||| |||| 00| 0 spa d
040 _aMUNICIPALIDAD PROVINCIAL DEL CUSCO
_cBIBLIOTECA MUNICIPAL DEL CUSCO
082 _a353.11 /
_bM93
110 _aMunicipalidad del Qosqo
_96414
245 _aPlan de desarrollo urbano de la ciudad del Qosqo /
260 _aQosqo :
_bMunicipalidad del Qosqo,
_c1993.
300 _a232 páginas ;
_c28 cm.
_ePlanos.
505 _aCentro histórico monumental del Qosqo -- Equipamiento Urbano -- Servicios basicos -- Marco geotecnico sismico...
650 _aDesarrollo del Cusco.
_930901
650 _aPlan de desarrollo.
_930902
650 _aHabilitación Urbana.
_930903
942 _2ddc
_cLIBROS
945 _apjha
_d2019-04-30